عرض عادي عرض مارك
  • Computer science

مدخل مصطلح موضوعي

عدد التسجيلات المستخدمة في: 5

001 - رقم الضبط

  • حقل الضبط: 4595

003 - معرف رقم الضبط

  • حقل الضبط: OSt

005 - تاريخ ووقت أخر عملية

  • حقل الضبط: 20110915062916.0

008 - عناصر بيانات ثابتة الطول

  • حقل تحكم ثابت الطول: 110915|||a|||||| | ||| d

040 ## - مصدر الفهرسة

  • هيئة الفهرسة الأصلية: OSt
  • وكالة الكتابة: OSt

150 ## - مدخل-- مصطلح تاريخي

  • عنصر مدخل المصطلح الموضوعي او الاسم الجغرافي: Computer science
  • تفريع عام: Mathematics
  • تفريع شكلي: Problems, exercises, etc.

670 ## - بيانات المصدر موجوده

  • الاستشهاد بالمصدر: Work cat.: (OSt): Simpson, Andrew. 4594, Discrete mathematics by example, 2002